<?xml version="1.0" encoding="UTF-8"?>
<record
    xmlns:xsi="http://www.w3.org/2001/XMLSchema-instance"
    xsi:schemaLocation="http://www.loc.gov/MARC21/slim http://www.loc.gov/standards/marcxml/schema/MARC21slim.xsd"
    xmlns="http://www.loc.gov/MARC21/slim">

  <leader>03074cam a22002775a 4500</leader>
  <controlfield tag="001">017409720</controlfield>
  <controlfield tag="003">OSt</controlfield>
  <controlfield tag="005">20161124105235.0</controlfield>
  <controlfield tag="008">150616t2016    enka   frb    001 0 eng d</controlfield>
  <datafield tag="020" ind1=" " ind2=" ">
    <subfield code="z">9780124046979</subfield>
  </datafield>
  <datafield tag="040" ind1=" " ind2=" ">
    <subfield code="a">StDuBDS</subfield>
    <subfield code="b">eng</subfield>
    <subfield code="c">StDuBDS</subfield>
    <subfield code="e">pn</subfield>
    <subfield code="d">Uk</subfield>
    <subfield code="d">Uk</subfield>
    <subfield code="d">EG-ScBUE</subfield>
  </datafield>
  <datafield tag="082" ind1="0" ind2="4">
    <subfield code="a">153.93</subfield>
    <subfield code="2">22</subfield>
    <subfield code="b">WIS</subfield>
  </datafield>
  <datafield tag="245" ind1="0" ind2="0">
    <subfield code="a">WISC-V assessment and interpretation :</subfield>
    <subfield code="b">scientist-practitioner perspectives /</subfield>
    <subfield code="c">Lawrence G. Weiss ... [et al.]</subfield>
  </datafield>
  <datafield tag="260" ind1=" " ind2=" ">
    <subfield code="a">London :</subfield>
    <subfield code="b">Academic Press / Elsevier,</subfield>
    <subfield code="c">c.2016.</subfield>
  </datafield>
  <datafield tag="300" ind1=" " ind2=" ">
    <subfield code="a">xxix, 425 p. :</subfield>
    <subfield code="b">ill. ;</subfield>
    <subfield code="c">24 cm.</subfield>
  </datafield>
  <datafield tag="490" ind1="0" ind2=" ">
    <subfield code="a">Practical resources for the mental health professional</subfield>
  </datafield>
  <datafield tag="500" ind1=" " ind2=" ">
    <subfield code="a">Index : p. 415-425.</subfield>
  </datafield>
  <datafield tag="504" ind1=" " ind2=" ">
    <subfield code="a">Includes bibliographical references.</subfield>
  </datafield>
  <datafield tag="505" ind1="0" ind2=" ">
    <subfield code="a">&lt;p&gt;Part I: Applied Considerations&lt;/p&gt; &lt;p&gt;Chapter 1: WISC-V: Advances in the Assessment of Intelligence Lawrence G. Weiss, Donald H. Saklofske, James A. Holdnack, and Aurelio Prifitera&lt;/p&gt; &lt;p&gt;Chapter 2: Practical Issues in WISC&#x2013;V Administration and Scoring Dustin Wahlstrom, Lawrence G. Weiss and Donald H. Saklofske&lt;/p&gt; &lt;p&gt;Chapter 3: Practical Considerations in WISC-V Interpretation and Intervention A. Lynne Beal, James A. Holdnack, Donald H. Saklofske, and Lawrence G. Weiss&lt;/p&gt; &lt;p&gt;Part II: Theoretical Considerations&lt;/p&gt; &lt;p&gt;Chapter 4: Theoretical and Clinical Foundations of the WISC-V Index Scores Lawrence G. Weiss, James A. Holdnack, Donald H. Saklofske, and Aurelio Prifitera&lt;/p&gt; &lt;p&gt;Chapter 5: WISC-V Use in Societal Context Lawrence G. Weiss, Victoria Locke, Tianshu Pan, Jossette G. Harris, Donald H. Saklofske and Aurelio Prifitera&lt;/p&gt; &lt;p&gt;Chapter 6: The Flynn Effect and its Clinical Implications Jacques Gr&#xE9;goire, Mark Daniel, Antolin M. Llorente and Lawrence G. Weiss&lt;/p&gt; &lt;p&gt;Part III: Clinical Considerations&lt;/p&gt; &lt;p&gt;Chapter 7: Testing Hispanics with WISC-V and WISC-IV Spanish Lawrence G. Weiss, Maria R. Munoz, and Aurelio Prifitera&lt;/p&gt; &lt;p&gt;Chapter 8: WISC-V and the Evolving Role of Intelligence Testing in the Assessment of Learning Disabilities Donald H. Saklofske, Lawrence G. Weiss, Kristina Breaux, and A. Lynne Beal&lt;/p&gt; &lt;p&gt;Chapter 9: Translating Scientific Progress in Dyslexia into Twenty-first Century Diagnosis and Interventions Bennett A. Shaywitz, Lawrence G. Weiss, Donald H. Saklofske and Sally E. Shaywitz&lt;/p&gt; &lt;p&gt;Chapter 10: Issues Related to the WISC-V Assessment of Cognitive Functioning in Clinical and Special Groups Jessie L. Miller, Donald H. Saklofske, Lawrence G. Weiss, Lisa Drozdick, Antolin M. Llorente, James A. Holdnack, and Aurelio Prifitera&lt;/p&gt; &lt;p&gt;Part IV: Current and Future Directions&lt;/p&gt; &lt;p&gt;Chapter 11: Digital Assessment with Q-Interactive Dustin Wahlstrom, Mark Daniel, Lawrence G. Weiss and Aurelio Prifitera&lt;/p&gt; &lt;p&gt;Chapter 12: WISC-V and the Personalized Assessment Approach James A. Holdnack, Aurelio Prifitera, Lawrence G. Weiss, and Donald H. Saklofske&lt;/p&gt;</subfield>
  </datafield>
  <datafield tag="650" ind1=" " ind2="7">
    <subfield code="a">Wechsler Intelligence Scale for Children.</subfield>
    <subfield code="2">BUEsh</subfield>
  </datafield>
  <datafield tag="650" ind1=" " ind2="7">
    <subfield code="a">Children</subfield>
    <subfield code="x">Intelligence testing.</subfield>
  </datafield>
  <datafield tag="653" ind1=" " ind2=" ">
    <subfield code="b">HHUUPPSS</subfield>
    <subfield code="c">November2016</subfield>
  </datafield>
  <datafield tag="700" ind1="1" ind2=" ">
    <subfield code="a">Weiss, Lawrence G.</subfield>
  </datafield>
  <datafield tag="776" ind1="0" ind2="8">
    <subfield code="i">Print version:</subfield>
    <subfield code="z">9780124046979</subfield>
  </datafield>
  <datafield tag="942" ind1=" " ind2=" ">
    <subfield code="2">ddc</subfield>
  </datafield>
  <datafield tag="999" ind1=" " ind2=" ">
    <subfield code="c">23313</subfield>
    <subfield code="d">23285</subfield>
  </datafield>
  <datafield tag="952" ind1=" " ind2=" ">
    <subfield code="0">0</subfield>
    <subfield code="1">0</subfield>
    <subfield code="2">ddc</subfield>
    <subfield code="4">0</subfield>
    <subfield code="7">0</subfield>
    <subfield code="8">Baccah</subfield>
    <subfield code="a">MAIN</subfield>
    <subfield code="b">MAIN</subfield>
    <subfield code="c">LOW</subfield>
    <subfield code="d">2016-11-24</subfield>
    <subfield code="e">Purchase</subfield>
    <subfield code="g">570.00</subfield>
    <subfield code="h">25135</subfield>
    <subfield code="l">1</subfield>
    <subfield code="o">153.93 WIS</subfield>
    <subfield code="p">000040018</subfield>
    <subfield code="r">2025-07-15 00:00:00</subfield>
    <subfield code="s">2019-09-17</subfield>
    <subfield code="v">712.50</subfield>
    <subfield code="y">BB</subfield>
  </datafield>
</record>
